000 00690nam a2200265 a 4500
001 000112623
003 CHAP
005 20220329144315.0
008 160810s2015 mx |r| ||||p|spa d
010 _a109084
011 _a110056
020 _a9786071204011
040 _cCHAP
082 0 4 _a861.4
_bM79
100 0 0 _aMontoya Castro, Gildardo.
_977976
245 1 0 _aEbria ilusión del aire /
_cpor Gildardo Montoya Castro.
260 _aChapingo, Méx :
_bUACH.,
_c2015.
300 _a105 p.
590 _aE5765TAJ
_b05
_c20160810
_lUCH01
_h0911
650 1 4 _aLiteratura mexicana.
_967138
650 1 4 _aPoesía mexicana.
_990146
901 _aBK
942 _cLIBRO
942 _n0
999 _c109084
_d109084